Personnages Assassination Classroom - Statistiques

Statistiques générales
  • Ce quiz a été pris 1 635 fois
  • Le résultat moyen est 19 sur 47
Statistiques - réponses
Aide Réponse % Correct
E-1 Karma Akabane
97%
E-11 Nagisa Shiota
94%
Prof Professeur Koro
92%
Prof Irina Poufanovitch
77%
Prof Tadaomi Karasuma
72%
E-7 Kaede Kayano
67%
E-17 Rio Nakamura
62%
E-16 Ryoma Terasaka
58%
5 prodiges Gakushu Asano
57%
Proviseur Gakuhou Asano
56%
E-28 Itona Horiba
56%
E-2 Yuma Isogai
54%
E-27 Batterie d'artillerie Autonome "Ritsu"
49%
E-13 Tomohito Sugino
48%
E-5 Manami Okuda
45%
E-8 Yukiko Kanzanki
45%
E-9 Masayoshi "Justice" Kimura
44%
E-6 Meg Kataoka
44%
E-22 Hiroto Maehara
43%
(Prof) Akira Takaoka
42%
E-3 Hinata Okano
41%
E-15 Ryunosuke Chiba
41%
E-4 Taiga Okajima
39%
E-20 Rinka Hayami
38%
E-14 Kotaro Takebayashi
37%
E-19 Sumire Hara
37%
E-18 Kirara Hazama
36%
E-25 Toka Yada
34%
E-21 Yuzuki Fuwa
34%
E-23 Koki Mimura
33%
E-26 Taisei Yoshida
33%
E-12 Sosuke Sugaya
32%
E-24 Takuya Muramatsu
32%
E-10 Hinano Kurahashi
31%
Autres Kotaro Yanagisawa "Shiro"
31%
5 prodiges Ren Sakakibara
24%
Assassin Lovro
23%
Assassin Red Eye
23%
5 prodiges Tomaya Seo
19%
5 prodiges Teppei Araki
18%
Assassin Smog
17%
Autres Aguri Yukimura
16%
5 prodiges Natsuhiko Koyama
16%
Autres Sakura Kiyashiki
15%
Assassin Gastro
14%
Assassin Grip
13%
Autres Yuji Norita
9%
Aucun quiz correspondant
Distribution des résultats
% des personnes avec chaque résultat
Percentile par nombre de réponses
Votre historique - résultats
Vous n’avez pas pris ce quiz